| 000 -LEADER |
| fixed length control field |
01297cam a22003497a 4500 |
| 001 - CONTROL NUMBER |
| control field |
16932116 |
| 005 - DATE AND TIME OF LATEST TRANSACTION |
| control field |
20201006143346.0 |
| 008 - FIXED-LENGTH DATA ELEMENTS--GENERAL INFORMATION |
| fixed length control field |
110823s2012 njua b 001 0 eng |
| 010 ## - LIBRARY OF CONGRESS CONTROL NUMBER |
| LC control number |
2011937225 |
| Canceled/invalid LC control number |
2007932996 |
| 015 ## - NATIONAL BIBLIOGRAPHY NUMBER |
| National bibliography number |
GBA852662 |
| Source |
bnb |
| 016 7# - NATIONAL BIBLIOGRAPHIC AGENCY CONTROL NUMBER |
| Record control number |
014576157 |
| Source |
Uk |
| 020 ## - INTERNATIONAL STANDARD BOOK NUMBER |
| International Standard Book Number |
9781934115060 (hbk.) |
| 020 ## - INTERNATIONAL STANDARD BOOK NUMBER |
| International Standard Book Number |
1934115061 (hbk.) |
| 035 ## - SYSTEM CONTROL NUMBER |
| System control number |
(OCoLC)ocn220010075 |
| 040 ## - CATALOGING SOURCE |
| Original cataloging agency |
UKM |
| Transcribing agency |
UKM |
| Modifying agency |
BTCTA |
| -- |
YDXCP |
| -- |
BAKER |
| -- |
OCLCG |
| -- |
TXI |
| -- |
DLC |
| 042 ## - AUTHENTICATION CODE |
| Authentication code |
lccopycat |
| 050 00 - LIBRARY OF CONGRESS CALL NUMBER |
| Classification number |
RA1057.K43 2012 |
| 100 1# - MAIN ENTRY--PERSONAL NAME |
| Personal name |
Khan, JaVed I. |
| 245 10 - TITLE STATEMENT |
| Title |
Basic principles of forensic chemistry / |
| Statement of responsibility, etc. |
JaVed I. Khan, Thomas J. Kennedy, Donnell R. Christian, Jr. |
| 260 ## - PUBLICATION, DISTRIBUTION, ETC. (IMPRINT) |
| Place of publication, distribution, etc. |
[Totowa, N.J.] : |
| Name of publisher, distributor, etc. |
Humana ; |
| Place of publication, distribution, etc. |
New York : |
| Name of publisher, distributor, etc. |
Springer [distributor], |
| Date of publication, distribution, etc. |
c2012. |
| 300 ## - PHYSICAL DESCRIPTION |
| Extent |
xxii, 353 p. : |
| Other physical details |
ill. (some col.) ; |
| Dimensions |
28 cm. |
| 504 ## - BIBLIOGRAPHY, ETC. NOTE |
| Bibliography, etc |
Includes bibliographical references and index. |
| 650 #0 - SUBJECT ADDED ENTRY--TOPICAL TERM |
| Topical term or geographic name as entry element |
Chemistry, Forensic. |
| 650 #0 - SUBJECT ADDED ENTRY--TOPICAL TERM |
| Topical term or geographic name as entry element |
Forensic pharmacology. |
| 650 #0 - SUBJECT ADDED ENTRY--TOPICAL TERM |
| Topical term or geographic name as entry element |
Drugs |
| General subdivision |
Analysis. |
| 700 1# - ADDED ENTRY--PERSONAL NAME |
| Personal name |
Christian, Donnell R. |
| 700 1# - ADDED ENTRY--PERSONAL NAME |
| Personal name |
Kennedy, Thomas J., |
| Titles and other words associated with a name |
BSc. |
| 906 ## - LOCAL DATA ELEMENT F, LDF (RLIN) |
| a |
7 |
| b |
cbc |
| c |
copycat |
| d |
2 |
| e |
ncip |
| f |
20 |
| g |
y-gencatlg |
| 942 ## - ADDED ENTRY ELEMENTS (KOHA) |
| Source of classification or shelving scheme |
|
| Koha item type |
Hard Covered Materials |
| Classification part |
RA1057.K43 2012 |